[Event "42. Torneo Capablanca In Memoriam-Open"]
[Site "La Habana CUB"]
[Date "2007.05.20"]
[Round "3.14"]
[White "Perez Garcia, Rodney"]
[Black "Soto Paez, Oliver"]
[Result "1/2-1/2"]
[WhiteElo "2421"]
[BlackElo "2350"]
[PlyCount "84"]
[EventDate "2007.05.18"]
[EventType "swiss"]
[EventRounds "9"]
[EventCountry "CUB"]
[Source "lmi"]
[SourceDate "2007.05.18"]

1. e4 c5 2. Nf3 e6 3. c3 Nf6 4. e5 Nd5 5. d4 cxd4 6. Qxd4 Nc6 7. Qe4 d6 8. Nbd2
dxe5 9. Nxe5 Nxe5 10. Qxe5 Bd7 11. Be2 Rc8 12. O-O Rc5 13. Ne4 Qc7 14. Qd4 Ra5
15. b4 Ra4 16. a3 b5 17. c4 bxc4 18. Bb2 a5 19. Bd1 axb4 20. Bxa4 Bxa4 21. axb4
Nb6 22. Nc3 Bd7 23. Rfe1 h5 24. Nd5 Nxd5 25. Ra8+ Bc8 26. Qxd5 c3 27. Qb5+ Ke7
28. Bc1 Bd7 29. Qa6 Kf6 30. b5 c2 31. Bb2+ Kg6 32. b6 Qd6 33. Qe2 Qxb6 34.
Qxc2+ f5 35. Qc3 Qb4 36. Qxb4 Bxb4 37. Rxh8 Bxe1 38. Rg8 Bc6 39. Rxg7+ Kh6 40.
Be5 Bd5 41. h4 Bb4 42. Kh2 Bd6 1/2-1/2

[Event "42. Torneo Capablanca In Memoriam-Open"]
[Site "La Habana CUB"]
[Date "2007.05.20"]
[Round "3.15"]
[White "Morales, Pedro"]
[Black "Cordova, Emilio"]
[Result "0-1"]
[WhiteElo "2340"]
[BlackElo "2507"]
[PlyCount "90"]
[EventDate "2007.05.18"]
[EventType "swiss"]
[EventRounds "9"]
[EventCountry "CUB"]
[Source "lmi"]
[SourceDate "2007.05.18"]

1. e4 c5 2. Nf3 Nc6 3. Bb5 g6 4. O-O Bg7 5. Re1 e5 6. Bxc6 dxc6 7. d3 Qe7 8. a3
a5 9. Nbd2 Nf6 10. Nc4 Nd7 11. a4 h6 12. Ra3 O-O 13. Bd2 b6 14. Qc1 Kh7 15. h3
Ba6 16. Rb3 Rab8 17. Nh2 Qe6 18. Ng4 Bxc4 19. dxc4 h5 20. Ne3 Nf6 21. f3 Rfd8
22. Qd1 Nd7 23. Qe2 Nf8 24. h4 Qe7 25. g3 Ne6 26. c3 Bh6 27. Bc1 Rd6 28. Ra3
Rg8 29. Ra2 Ng7 30. b3 Qd7 31. Rd2 Rxd2 32. Qxd2 Qxd2 33. Bxd2 Rd8 34. Bc1 Rd3
35. Nf1 Rxc3 36. Bxh6 Kxh6 37. Re3 Rc1 38. Rd3 Ne6 39. Rd7 Kg7 40. Rb7 Nd4 41.
Kf2 Rc2+ 42. Ke1 Nxf3+ 43. Kd1 Rf2 44. Ne3 Rd2+ 45. Kc1 Rd3 0-1

[Event "42. Torneo Capablanca In Memoriam-Open"]
[Site "La Habana CUB"]
[Date "2007.05.20"]
[Round "3.16"]
[White "Abreu Delgado, Aryam"]
[Black "Cabrera Trujillo, Jorge"]
[Result "1/2-1/2"]
[WhiteElo "2498"]
[BlackElo "2334"]
[PlyCount "54"]
[EventDate "2007.05.18"]
[EventType "swiss"]
[EventRounds "9"]
[EventCountry "CUB"]
[Source "lmi"]
[SourceDate "2007.05.18"]

1. e4 c5 2. Nf3 d6 3. d4 cxd4 4. Nxd4 Nf6 5. Nc3 g6 6. Be3 Bg7 7. f3 O-O 8. Qd2
Nc6 9. Bc4 Bd7 10. O-O-O Rb8 11. Bb3 Na5 12. Bh6 Bxh6 13. Qxh6 b5 14. Nd5 Nxb3+
15. Nxb3 e5 16. Nxf6+ Qxf6 17. Rd3 Rb6 18. Qd2 Rd8 19. Kb1 Be6 20. Na5 Qe7 21.
Qb4 Qc7 22. Rc3 Qd7 23. Rd1 f6 24. Rcd3 Qc7 25. Rc3 Qd7 26. Rcd3 Qc7 27. Rc3
Qd7 1/2-1/2

[Event "42. Torneo Capablanca In Memoriam-Open"]
[Site "La Habana CUB"]
[Date "2007.05.20"]
[Round "3.17"]
[White "Borges Mateos, Juan"]
[Black "Sariego, Wilfredo"]
[Result "1/2-1/2"]
[WhiteElo "2482"]
[BlackElo "2328"]
[PlyCount "29"]
[EventDate "2007.05.18"]
[EventType "swiss"]
[EventRounds "9"]
[EventCountry "CUB"]
[Source "lmi"]
[SourceDate "2007.05.18"]

1. Nf3 d5 2. d4 Nc6 3. c4 Bg4 4. Nc3 e6 5. Bg5 Be7 6. Bxe7 Ngxe7 7. e3 O-O 8.
Be2 dxc4 9. Bxc4 a6 10. O-O Nf5 11. Be2 Nd6 12. h3 Bh5 13. Rc1 Re8 14. Ne5 Bxe2
15. Nxe2 1/2-1/2

[Event "42. Torneo Capablanca In Memoriam-Open"]
[Site "La Habana CUB"]
[Date "2007.05.20"]
[Round "3.20"]
[White "Ruiz, Orlen"]
[Black "Perez Mitjans, Orelvis"]
[Result "1-0"]
[WhiteElo "2321"]
[BlackElo "2433"]
[PlyCount "108"]
[EventDate "2007.05.18"]
[EventType "swiss"]
[EventRounds "9"]
[EventCountry "CUB"]
[Source "lmi"]
[SourceDate "2007.05.18"]

1. e4 c5 2. Nf3 d6 3. d4 cxd4 4. Nxd4 Nf6 5. f3 g6 6. c4 Bg7 7. Nc3 Nc6 8. Be3
O-O 9. Qd2 Nxd4 10. Bxd4 Be6 11. Rc1 a5 12. Be2 a4 13. O-O Qa5 14. Rfd1 Rfc8
15. Nb1 Nd7 16. Bxg7 Kxg7 17. Rc3 Rc6 18. Na3 Rac8 19. Qc1 Ne5 20. Kh1 Qa6 21.
b3 axb3 22. axb3 Qa5 23. Qb2 Nd7 24. Nb5 Ra6 25. Nd4 Qa2 26. Qc1 Ra5 27. f4 Nf6
28. Bf3 Bg4 29. Rc2 Qa3 30. Qxa3 Rxa3 31. e5 Bxf3 32. exf6+ Kxf6 33. gxf3 Rca8
34. Kg2 Ra1 35. Rxa1 Rxa1 36. Rd2 Rb1 37. Rd3 Rb2+ 38. Kg3 h5 39. h4 Rb1 40.
Nb5 Kf5 41. Nd4+ Kf6 42. Ne2 Re1 43. Kf2 Ra1 44. Rd5 Ke6 45. Rb5 Ra7 46. f5+
Kf6 47. fxg6 fxg6 48. Nf4 e5 49. Nd5+ Kf5 50. Rb6 g5 51. Ne3+ Kf4 52. Ng2+ Kf5
53. Rxd6 gxh4 54. Nxh4+ Kg5 1-0

[Event "42. Torneo Capablanca In Memoriam-Open"]
[Site "La Habana CUB"]
[Date "2007.05.20"]
[Round "3.21"]
[White "Marrero Lopez, Yaniet"]
[Black "Needleman, Gaston"]
[Result "0-1"]
[WhiteElo "2290"]
[BlackElo "2416"]
[PlyCount "128"]
[EventDate "2007.05.18"]
[EventType "swiss"]
[EventRounds "9"]
[EventCountry "CUB"]
[Source "lmi"]
[SourceDate "2007.05.18"]

1. e4 c5 2. Nf3 e6 3. d4 cxd4 4. Nxd4 a6 5. Bd3 Qc7 6. O-O Nc6 7. Nxc6 Qxc6 8.
Re1 b6 9. e5 Bb7 10. Be4 Qc7 11. Nc3 Ne7 12. Bxb7 Qxb7 13. Bg5 Nc6 14. Qf3 Ra7
15. Rad1 Qc7 16. Qg3 h6 17. Bf4 g5 18. Bc1 f5 19. exf6 Qxg3 20. hxg3 Kf7 21.
Be3 Rb7 22. Na4 b5 23. Nc5 Bxc5 24. Bxc5 d5 25. Rd3 Rd7 26. f4 g4 27. Rde3 Re8
28. Be7 Nd4 29. Rc3 Rb8 30. Kf2 a5 31. Rc5 b4 32. Rh1 Nf5 33. Re1 a4 34. Re2 d4
35. b3 axb3 36. axb3 Ra8 37. Rc4 d3 38. Rd2 Ra2 39. Rc8 dxc2 40. Rdxc2 Rxc2+
41. Rxc2 Rd3 42. Bxb4 Kxf6 43. Bc3+ Kg6 44. b4 Nxg3 45. Be5 Ne4+ 46. Ke2 Rd5
47. Rc8 Ng3+ 48. Ke3 Nf5+ 49. Ke2 Nh4 50. Rf8 Nxg2 51. Rf6+ Kh5 52. Rxe6 Nh4
53. Rc6 g3 54. Rc5 Rd7 55. Bf6+ Kg4 56. Bxh4 Kxh4 57. b5 Rd4 58. f5 Kh3 59. f6
g2 60. Rh5+ Kg3 61. Rxh6 g1=Q 62. Rg6+ Rg4 63. Rxg4+ Kxg4 64. f7 Qc5 0-1

[Event "42. Torneo Capablanca In Memoriam-Open"]
[Site "La Habana CUB"]
[Date "2007.05.20"]
[Round "3.22"]
[White "Aguero, Luis Lazaro"]
[Black "Fernandez, Alexey"]
[Result "1-0"]
[WhiteElo "2263"]
[BlackElo "2414"]
[PlyCount "95"]
[EventDate "2007.05.18"]
[EventType "swiss"]
[EventRounds "9"]
[EventCountry "CUB"]
[Source "lmi"]
[SourceDate "2007.05.18"]

1. e4 c5 2. Nf3 d6 3. d4 cxd4 4. Nxd4 Nf6 5. Nc3 e6 6. Be2 a6 7. a4 Nc6 8. O-O
Be7 9. Be3 O-O 10. Kh1 Qc7 11. f4 Re8 12. Bf3 Bd7 13. Nb3 b6 14. g4 Bc8 15. g5
Nd7 16. Bg2 Bf8 17. Rf3 g6 18. Rh3 Nb4 19. Qd2 Bb7 20. Rf1 Rac8 21. Qf2 Bg7 22.
Bd4 Qc4 23. Bxg7 Kxg7 24. Rd1 Nxc2 25. Qxc2 Qxa4 26. Rxd6 Re7 27. Qd1 Qc4 28.
Rd4 Qc7 29. e5 Bxg2+ 30. Kxg2 Qb7+ 31. Qf3 Nc5 32. Qxb7 Rxb7 33. Nxc5 bxc5 34.
Rd2 Rb4 35. Rf3 Rcb8 36. Nd1 a5 37. Kg3 a4 38. Rc3 R8b5 39. Rdc2 Rd4 40. Nf2
Rb3 41. Kf3 h6 42. h4 h5 43. Ke3 Rdb4 44. Nd3 Rb5 45. Rxb3 Rxb3 46. Rc3 c4 47.
Rxb3 axb3 48. Nc5 1-0

[Event "42. Torneo Capablanca In Memoriam-Open"]
[Site "La Habana CUB"]
[Date "2007.05.20"]
[Round "3.23"]
[White "Gomez Garrido, Camilo"]
[Black "Jimenez, Pedro A"]
[Result "1-0"]
[WhiteElo "2413"]
[BlackElo "2292"]
[PlyCount "109"]
[EventDate "2007.05.18"]
[EventType "swiss"]
[EventRounds "9"]
[EventCountry "CUB"]
[Source "lmi"]
[SourceDate "2007.05.18"]

1. e4 c5 2. Nf3 e6 3. d4 cxd4 4. Nxd4 a6 5. Bd3 Nf6 6. O-O d6 7. c4 Nbd7 8. Qe2
Qc7 9. Nc3 Be7 10. Bd2 Ne5 11. Rac1 Nxd3 12. Qxd3 O-O 13. Bg5 Bd7 14. Rfd1 Rac8
15. Qg3 Nh5 16. Qh4 Bxg5 17. Qxg5 Nf6 18. b3 h6 19. Qd2 Rfd8 20. h3 Be8 21.
Nde2 Qb8 22. Ng3 b5 23. cxb5 axb5 24. Qd4 Bc6 25. Qb4 d5 26. exd5 Nxd5 27. Nxd5
Bxd5 28. Rxc8 Rxc8 29. Qd4 g6 30. h4 Qc7 31. h5 Qc3 32. hxg6 Qxd4 33. gxf7+
Kxf7 34. Rxd4 Rc1+ 35. Kh2 Rc2 36. Rf4+ Kg6 37. a4 bxa4 38. bxa4 Ra2 39. f3 Bc6
40. Ne4 Kg7 41. Nc5 Bd5 42. Kg3 Kg6 43. Nd3 Ra3 44. Ne5+ Kg5 45. Nd7 h5 46. Nb6
Bb3 47. Re4 Kf6 48. Re3 Kg5 49. a5 h4+ 50. Kh2 Kf4 51. Rc3 Ke5 52. a6 Kd4 53.
Rxb3 Rxa6 54. Nd7 Rd6 55. Nf6 1-0

[Event "42. Torneo Capablanca In Memoriam-Open"]
[Site "La Habana CUB"]
[Date "2007.05.20"]
[Round "3.24"]
[White "Lebredo Zaragoitia, Gerardo"]
[Black "Blanco, Humberto"]
[Result "1/2-1/2"]
[WhiteElo "2256"]
[BlackElo "2405"]
[PlyCount "73"]
[EventDate "2007.05.18"]
[EventType "swiss"]
[EventRounds "9"]
[EventCountry "CUB"]
[Source "lmi"]
[SourceDate "2007.05.18"]

1. Nf3 d5 2. e3 Nf6 3. c4 c6 4. Nc3 g6 5. d4 Bg7 6. Be2 O-O 7. O-O Ne4 8. Qb3
dxc4 9. Bxc4 Nd6 10. Be2 Be6 11. Qc2 Bc4 12. Bxc4 Nxc4 13. b3 Nd6 14. Bb2 Nd7
15. Rfd1 Qa5 16. Rac1 Rfd8 17. Na4 Ne8 18. Qb1 Nc7 19. h3 Rac8 20. Nc3 Nb6 21.
Ne4 Ne6 22. Nc5 Nxc5 23. Rxc5 Qa6 24. e4 e6 25. Rcc1 Qe2 26. Re1 Qb5 27. Rc5
Qa6 28. Bc3 Nd7 29. Ra5 Qb6 30. Ra4 Re8 31. Rc4 Qc7 32. Bb2 Qf4 33. Bc1 Qb8 34.
Bb2 Qf4 35. Bc1 Qb8 36. Bb2 Qf4 37. Bc1 1/2-1/2

[Event "42. Torneo Capablanca In Memoriam-Open"]
[Site "La Habana CUB"]
[Date "2007.05.20"]
[Round "3.25"]
[White "Espinosa, Ermes"]
[Black "Larduet Despaigne, Carlos"]
[Result "0-1"]
[WhiteElo "2380"]
[BlackElo "2286"]
[PlyCount "110"]
[EventDate "2007.05.18"]
[EventType "swiss"]
[EventRounds "9"]
[EventCountry "CUB"]
[Source "lmi"]
[SourceDate "2007.05.18"]

1. e4 c5 2. Nf3 e6 3. d4 cxd4 4. Nxd4 a6 5. Nc3 b5 6. Bd3 Qb6 7. Nb3 Qc7 8. O-O
Nf6 9. Qe2 d6 10. Bd2 Be7 11. a4 bxa4 12. Rxa4 O-O 13. f4 Nbd7 14. Kh1 Bb7 15.
Rc4 Qb8 16. Na5 d5 17. exd5 exd5 18. Nc6 Bxc6 19. Rxc6 Re8 20. Qf3 Nc5 21. Nxd5
Nxd5 22. Qxd5 Nxd3 23. Qxd3 Qxb2 24. Rc7 Rac8 25. Qd7 Qb5 26. Re1 Rxc7 27. Qxc7
Bf8 28. c4 Rxe1+ 29. Bxe1 Qb1 30. Qa5 Qd3 31. Kg1 Qxc4 32. g3 Qc5+ 33. Kg2 Qxa5
34. Bxa5 f5 35. Kf3 Bc5 36. g4 g6 37. gxf5 gxf5 38. Ke2 Kf7 39. Kd3 Ke6 40. Kc4
Be3 41. Bc7 Kd7 42. Be5 Kc6 43. h3 a5 44. Bc3 Bb6 45. Be1 Bc7 46. Bd2 h5 47.
Bc3 a4 48. Kb4 Kd5 49. Kxa4 Ke4 50. Kb3 Kxf4 51. Kc2 Kg3 52. Kd3 Kxh3 53. Ke3
Kg2 54. Bf6 Bg3 55. Bd8 f4+ 0-1

[Event "42. Torneo Capablanca In Memoriam-Open"]
[Site "La Habana CUB"]
[Date "2007.05.20"]
[Round "3.26"]
[White "Guillen Ramirez, Jose Antonio"]
[Black "Pazos Gambarrotti, Plinio"]
[Result "1/2-1/2"]
[WhiteElo "2246"]
[BlackElo "2375"]
[PlyCount "111"]
[EventDate "2007.05.18"]
[EventType "swiss"]
[EventRounds "9"]
[EventCountry "CUB"]
[Source "lmi"]
[SourceDate "2007.05.18"]

1. e4 c5 2. Nf3 Nc6 3. Bb5 Qb6 4. Nc3 Nd4 5. Nxd4 cxd4 6. Nd5 Qd8 7. O-O e6 8.
Re1 exd5 9. exd5+ Be7 10. d6 Qb6 11. dxe7 Qxb5 12. Qg4 g6 13. Qxd4 f6 14. a4
Qb6 15. Qf4 Nxe7 16. Ra3 Kd8 17. Rd3 g5 18. Qe4 Ng6 19. b3 Qc6 20. Rd5 b6 21.
Re3 Nf4 22. Qe7+ Kc7 23. Rc3 Nxd5 24. Rxc6+ Kxc6 25. Qe4 Bb7 26. c4 Rae8 27.
cxd5+ Kc7 28. Qc4+ Kb8 29. f3 Rc8 30. Qf1 Rc2 31. Ba3 Rxd2 32. Qe1 Rxd5 33. Qe7
Rc8 34. Qxf6 h5 35. Bd6+ Ka8 36. Bb4 h4 37. Kf2 h3 38. gxh3 Rd3 39. Ke2 Rxb3
40. Bd2 Re8+ 41. Kd1 Rxf3 42. Qxg5 Rxh3 43. a5 Rb3 44. Kc2 Rh3 45. axb6 Rxh2
46. bxa7 Rc8+ 47. Kb3 Rh3+ 48. Kb4 Rd3 49. Bf4 Rd4+ 50. Ka3 Rd3+ 51. Kb4 d5 52.
Qe5 Rc4+ 53. Ka5 Ra3+ 54. Kb6 Rb3+ 55. Ka5 Ra3+ 56. Kb6 1/2-1/2

[Event "42. Torneo Capablanca In Memoriam-Open"]
[Site "La Habana CUB"]
[Date "2007.05.20"]
[Round "3.27"]
[White "Otero, Diasmany"]
[Black "Llaudy Pupo, Lisandra"]
[Result "1-0"]
[WhiteElo "2366"]
[BlackElo "2245"]
[PlyCount "151"]
[EventDate "2007.05.18"]
[EventType "swiss"]
[EventRounds "9"]
[EventCountry "CUB"]
[Source "lmi"]
[SourceDate "2007.05.18"]

1. d4 Nf6 2. c4 e6 3. Nc3 Bb4 4. f3 d5 5. a3 Be7 6. e4 O-O 7. e5 Ne8 8. f4 dxc4
9. Bxc4 Nd7 10. Nf3 Nb6 11. Bd3 c6 12. h4 f5 13. exf6 Nxf6 14. Ne5 c5 15. dxc5
Bxc5 16. Qc2 Bd6 17. Bd2 Qc7 18. O-O-O Nbd5 19. g4 Nxf4 20. Bxf4 Bxe5 21. Bxe5
Qxe5 22. g5 Ng4 23. Bxh7+ Kh8 24. Rhf1 Rxf1 25. Rxf1 Bd7 26. Qg6 Bb5 27. Nxb5
Qxb5 28. Qd3 Rc8+ 29. Kb1 Qxd3+ 30. Bxd3 Ne5 31. Be4 b6 32. Rc1 Rxc1+ 33. Kxc1
Kg8 34. Kd2 Kf8 35. Kc3 Ke7 36. Kb4 a6 37. Bb7 Nd3+ 38. Kc3 Nc5 39. Bf3 Na4+
40. Kb3 Nc5+ 41. Kc4 Nd7 42. Be2 Ne5+ 43. Kb4 Nc6+ 44. Kc3 Ne5 45. Kd4 Nc6+ 46.
Ke4 a5 47. h5 Nd8 48. Kf4 Nf7 49. Bd3 Kf8 50. Bg6 Nh8 51. Bd3 Nf7 52. Bf1 Ke8
53. Bc4 Ke7 54. Bb3 Nd6 55. Ba2 Nf7 56. Bb1 Kf8 57. Bg6 Nh8 58. Bd3 Nf7 59. Bh7
Nd6 60. Bd3 Nf7 61. b3 Ke7 62. Bg6 Nh8 63. Bc2 Nf7 64. Bd3 Kf8 65. Bh7 Nd6 66.
Bg6 Nb5 67. Ke5 Kg8 68. Bd3 Nxa3 69. Kxe6 b5 70. Kd5 b4 71. Kc5 Kf7 72. Kb6 a4
73. bxa4 b3 74. a5 b2 75. a6 Ke7 76. Kc5 1-0

[Event "42. Torneo Capablanca In Memoriam-Open"]
[Site "La Habana CUB"]
[Date "2007.05.20"]
[Round "3.28"]
[White "Ordaz Valdes, Lisandra"]
[Black "Alonso Moyano, Jonathan"]
[Result "1/2-1/2"]
[WhiteElo "2222"]
[BlackElo "2365"]
[PlyCount "95"]
[EventDate "2007.05.18"]
[EventType "swiss"]
[EventRounds "9"]
[EventCountry "CUB"]
[Source "lmi"]
[SourceDate "2007.05.18"]

1. c4 f5 2. Nc3 Nf6 3. g3 g6 4. Bg2 Bg7 5. Nf3 O-O 6. d4 d6 7. O-O Qe8 8. d5
Na6 9. Be3 h6 10. Rc1 g5 11. a3 Qh5 12. b4 f4 13. Bd4 c5 14. bxc5 Nxc5 15. Bxc5
dxc5 16. d6 Rd8 17. Nd5 exd6 18. gxf4 Bh3 19. Nxf6+ Bxf6 20. Qd5+ Kh8 21. Bxh3
Qxh3 22. Kh1 Rd7 23. Rg1 gxf4 24. Rg6 Rg7 25. Rxg7 Bxg7 26. Qxd6 Qf5 27. Rg1
Rg8 28. Nh4 Qe4+ 29. f3 Qxe2 30. Qxf4 Qe6 31. Rg6 Qe1+ 32. Kg2 Qe2+ 33. Kh3 Rf8
34. Qg3 Qf1+ 35. Qg2 Qxg2+ 36. Rxg2 Kh7 37. Kg4 Bf6 38. Re2 Bxh4 39. Kxh4 Rxf3
40. Re7+ Kg6 41. Rxb7 Rf4+ 42. Kg3 Rxc4 43. Rxa7 Kf5 44. a4 Rc3+ 45. Kh4 c4 46.
a5 Ra3 47. Rc7 Ra4 48. a6 1/2-1/2

[Event "42. Torneo Capablanca In Memoriam-Open"]
[Site "La Habana CUB"]
[Date "2007.05.20"]
[Round "3.29"]
[White "Gonzalez Vidal, Yuri"]
[Black "Naranjo, Sebastian"]
[Result "1-0"]
[WhiteElo "2493"]
[BlackElo "2039"]
[PlyCount "56"]
[EventDate "2007.05.18"]
[EventType "swiss"]
[EventRounds "9"]
[EventCountry "CUB"]
[Source "lmi"]
[SourceDate "2007.05.18"]

1. e4 c5 2. Nf3 d6 3. d4 cxd4 4. Nxd4 Nf6 5. Nc3 a6 6. Be3 Ng4 7. Bc1 Nf6 8.
Be2 e5 9. Nb3 Be7 10. O-O O-O 11. Be3 Be6 12. Qd2 Nc6 13. Rfd1 a5 14. a3 a4 15.
Nc1 Ra5 16. Bf3 Qc7 17. N1a2 Rd8 18. Nb4 Bf8 19. Qe2 Rd7 20. Rd2 Qd8 21. Rad1
Ne7 22. h3 h6 23. Qf1 Ng6 24. Be2 d5 25. exd5 Bxd5 26. Bb5 Bxb4 27. axb4 Rxb5
28. Qxb5 Bc6 1-0

[Event "42. Torneo Capablanca In Memoriam-Open"]
[Site "La Habana CUB"]
[Date "2007.05.20"]
[Round "3.30"]
[White "Perez Rodriguez, Jennifer"]
[Black "Corrales Jimenez, Fidel"]
[Result "0-1"]
[WhiteElo "2194"]
[BlackElo "2479"]
[PlyCount "56"]
[EventDate "2007.05.18"]
[EventType "swiss"]
[EventRounds "9"]
[EventCountry "CUB"]
[Source "lmi"]
[SourceDate "2007.05.18"]

1. e4 g6 2. d4 Bg7 3. Nf3 d6 4. c3 Nd7 5. Bd3 e5 6. dxe5 dxe5 7. Bg5 Ne7 8. O-O
h6 9. Be3 O-O 10. Qe2 Qe8 11. Na3 a6 12. Nd2 f5 13. f4 fxe4 14. Bxe4 Nf5 15.
Bxf5 Rxf5 16. Qc4+ Kh7 17. Qxc7 Nf6 18. Rae1 Nd5 19. Qd6 Be6 20. c4 Bf8 21.
Qxd5 Bxd5 22. cxd5 exf4 23. Bd4 Qa4 24. Re4 Re8 25. Rxe8 Qxe8 26. Nac4 Rxd5 27.
Bb6 Qe6 28. Rxf4 Rxd2 0-1

[Event "42. Torneo Capablanca In Memoriam-Open"]
[Site "La Habana CUB"]
[Date "2007.05.20"]
[Round "3.31"]
[White "Hernandez, Ramon"]
[Black "Duarte, Leonardo"]
[Result "1/2-1/2"]
[WhiteElo "2252"]
[BlackElo "2420"]
[PlyCount "50"]
[EventDate "2007.05.18"]
[EventType "swiss"]
[EventRounds "9"]
[EventCountry "CUB"]
[Source "lmi"]
[SourceDate "2007.05.18"]

1. e4 c5 2. Nf3 e6 3. d4 cxd4 4. Nxd4 Nc6 5. Nb5 d6 6. c4 Nf6 7. N1c3 a6 8. Na3
Be7 9. Be2 b6 10. O-O Bb7 11. Be3 Nb8 12. f3 Nbd7 13. Qd2 O-O 14. Rfd1 Qc7 15.
Bf1 Rac8 16. Qf2 Qb8 17. Kh1 Bd8 18. Rd2 Bc7 19. Qh4 Rfe8 20. Rad1 Rcd8 21. Nc2
Qa8 22. Bf4 Ne5 23. Bg5 Ned7 24. Bf4 Ne5 25. Bg5 Ned7 1/2-1/2

[Event "42. Torneo Capablanca In Memoriam-Open"]
[Site "La Habana CUB"]
[Date "2007.05.20"]
[Round "3.32"]
[White "Ortiz Suarez, Isam"]
[Black "Diaz Hernandez, Heriberto"]
[Result "1/2-1/2"]
[WhiteElo "2387"]
[BlackElo "2167"]
[PlyCount "84"]
[EventDate "2007.05.18"]
[EventType "swiss"]
[EventRounds "9"]
[EventCountry "CUB"]
[Source "lmi"]
[SourceDate "2007.05.18"]

1. e4 e5 2. Nf3 Nc6 3. Bb5 a6 4. Ba4 Nf6 5. d3 b5 6. Bb3 Bc5 7. O-O d6 8. a4
Bg4 9. c3 O-O 10. h3 Bh5 11. Bg5 Qd7 12. Bxf6 gxf6 13. g4 Bg6 14. Nh4 Na5 15.
Bc2 b4 16. d4 b3 17. dxc5 bxc2 18. Qxc2 dxc5 19. Rd1 Qc6 20. Nd2 c4 21. Nf5
Rfe8 22. Ng3 Rab8 23. Rab1 Red8 24. h4 h6 25. h5 Bh7 26. Ndf1 Nb3 27. Rxd8+
Rxd8 28. Rd1 Rd7 29. Ne3 Nc5 30. f3 Rd3 31. Rxd3 cxd3 32. Qd2 Qxa4 33. b4 Qa1+
34. Kf2 Ne6 35. Qxd3 Nf4 36. Qd2 c6 37. Ne2 Nh3+ 38. Kg2 Ng5 39. Ng3 Ne6 40.
Kh2 Qb1 41. Nef5 Bxf5 42. Nxf5 Qf1 1/2-1/2

[Event "42. Torneo Capablanca In Memoriam-Open"]
[Site "La Habana CUB"]
[Date "2007.05.20"]
[Round "3.33"]
[White "Arribas Robaina, Maritza"]
[Black "Vigoa Apecheche, Yanira"]
[Result "1/2-1/2"]
[WhiteElo "2335"]
[BlackElo "2217"]
[PlyCount "136"]
[EventDate "2007.05.18"]
[EventType "swiss"]
[EventRounds "9"]
[EventCountry "CUB"]
[Source "lmi"]
[SourceDate "2007.05.18"]

1. e4 c5 2. Nf3 Nc6 3. Bb5 g6 4. O-O Bg7 5. c3 Nf6 6. Re1 O-O 7. d4 cxd4 8.
Nxd4 Nxd4 9. Qxd4 d6 10. Na3 a6 11. Bf1 b5 12. Bg5 Be6 13. h3 Rb8 14. Qd2 Qc7
15. Nc2 a5 16. Nd4 Bd7 17. Rad1 Rfd8 18. Qe3 e5 19. Nc2 Be6 20. Qf3 Qe7 21. Ne3
h6 22. Bxf6 Qxf6 23. Qxf6 Bxf6 24. Nd5 Kg7 25. g3 Rd7 26. b3 Bd8 27. Kg2 f5 28.
c4 Bxd5 29. Rxd5 bxc4 30. Bxc4 Rbb7 31. exf5 gxf5 32. Red1 Bb6 33. Rxd6 Rxd6
34. Rxd6 Bd4 35. f4 Ra7 36. Be6 a4 37. Bxf5 axb3 38. axb3 Ra2+ 39. Kf3 Rb2 40.
fxe5 Bxe5 41. Rb6 h5 42. g4 hxg4+ 43. hxg4 Bd4 44. Rb7+ Kf6 45. Ke4 Bg1 46. b4
Rd2 47. b5 Rd4+ 48. Kf3 Rb4 49. Rb8 Bc5 50. Bd3 Rd4 51. Be2 Rb4 52. Rc8 Be7 53.
Rc4 Rb2 54. Re4 Bc5 55. g5+ Kf5 56. Bd3 Rf2+ 57. Kg3 Rd2 58. Rf4+ Kxg5 59. Rf5+
Kg6 60. Rxc5+ Rxd3+ 61. Kf4 Kf6 62. Ke4 Rd6 63. Rh5 Ke7 64. Ke5 Rd1 65. Rh7+
Kd8 66. b6 Kc8 67. b7+ Kb8 68. Ke6 Rb1 1/2-1/2

[Event "42. Torneo Capablanca In Memoriam-Open"]
[Site "La Habana CUB"]
[Date "2007.05.20"]
[Round "3.34"]
[White "Ibarra Chami, Luis"]
[Black "Quezada Perez, Yasser"]
[Result "0-1"]
[WhiteElo "2325"]
[BlackElo "2155"]
[PlyCount "80"]
[EventDate "2007.05.18"]
[EventType "swiss"]
[EventRounds "9"]
[EventCountry "CUB"]
[Source "lmi"]
[SourceDate "2007.05.18"]

1. e4 c5 2. Nc3 d6 3. Nge2 Nf6 4. g3 g6 5. Bg2 Bg7 6. d4 cxd4 7. Nxd4 O-O 8. h3
Nc6 9. Nde2 Rb8 10. a4 a6 11. g4 b5 12. axb5 axb5 13. Ng3 b4 14. Nce2 Bb7 15.
O-O Ra8 16. Rxa8 Qxa8 17. f4 Na5 18. Qd3 Nd7 19. Qb5 Nc6 20. Rd1 Ba6 21. Qd5
Nb6 22. Qg5 Nc4 23. Kh2 Nxb2 24. Bxb2 Bxb2 25. e5 Bxe2 26. Nxe2 dxe5 27. f5 Qa4
28. Ng3 Nd4 29. Be4 Qa6 30. Qxe7 b3 31. cxb3 Qa2 32. Rd2 Qxb3 33. Rg2 Ba3 34.
Qxe5 Qe3 35. Qd5 Be7 36. fxg6 hxg6 37. Nf1 Qf4+ 38. Kg1 Rd8 39. Rf2 Ne2+ 40.
Rxe2 Rxd5 0-1

[Event "42. Torneo Capablanca In Memoriam-Open"]
[Site "La Habana CUB"]
[Date "2007.05.20"]
[Round "3.36"]
[White "Hevia, Alejano Carlos A"]
[Black "Cardenas Ballester, Maidelin"]
[Result "1-0"]
[WhiteElo "2315"]
[BlackElo "2098"]
[PlyCount "91"]
[EventDate "2007.05.18"]
[EventType "swiss"]
[EventRounds "9"]
[EventCountry "CUB"]
[Source "lmi"]
[SourceDate "2007.05.18"]

1. d4 d5 2. Nf3 c6 3. c4 e6 4. e3 f5 5. Bd3 Nf6 6. O-O Bd6 7. b3 O-O 8. Ba3
Bxa3 9. Nxa3 Qe7 10. Nc2 Kh8 11. Qd2 Ne4 12. Qb4 Qxb4 13. Nxb4 a5 14. Nc2 Nd7
15. Rfc1 b6 16. Nce1 c5 17. cxd5 exd5 18. Bb5 Ra7 19. Nd3 Ba6 20. Bxd7 Rxd7 21.
Nfe5 Rc7 22. Nf4 Rb7 23. Nxd5 Rd8 24. Nc3 cxd4 25. Nxe4 fxe4 26. Nc6 Rc8 27.
Nxd4 Rbc7 28. Rxc7 Rxc7 29. f3 Bd3 30. Kf2 Kg8 31. Ke1 Kf7 32. Kd2 g6 33. f4 h5
34. Rc1 Rxc1 35. Kxc1 Kf6 36. Kd2 b5 37. Nc6 a4 38. bxa4 bxa4 39. a3 h4 40. g3
hxg3 41. hxg3 g5 42. Kc3 gxf4 43. gxf4 Be2 44. Kd4 Bd3 45. Nb4 Bb1 46. Kc3 1-0

[Event "42. Torneo Capablanca In Memoriam-Open"]
[Site "La Habana CUB"]
[Date "2007.05.20"]
[Round "3.37"]
[White "Frometa Castillo, Zirka"]
[Black "Zambrana, Oswaldo"]
[Result "0-1"]
[WhiteElo "2164"]
[BlackElo "2495"]
[PlyCount "80"]
[EventDate "2007.05.18"]
[EventType "swiss"]
[EventRounds "9"]
[EventCountry "CUB"]
[Source "lmi"]
[SourceDate "2007.05.18"]

1. d4 Nf6 2. Nf3 b6 3. Bf4 Bb7 4. e3 g6 5. Nbd2 Bg7 6. h3 O-O 7. Bc4 c5 8. c3
d6 9. O-O Nbd7 10. Qe2 d5 11. Bd3 Re8 12. Ne5 a6 13. Rad1 Qc8 14. Bh2 e6 15. g4
b5 16. h4 Ne4 17. Nxd7 Qxd7 18. Bxe4 dxe4 19. dxc5 Qe7 20. Bg3 Bd5 21. Rfe1
Qxc5 22. Nb3 Qb6 23. g5 a5 24. Kg2 a4 25. Nd4 Bc4 26. Qg4 Bxa2 27. h5 e5 28.
Nc2 Bb3 29. Qxe4 gxh5 30. Rd2 Qg6 31. Qxg6 hxg6 32. Na3 Red8 33. Rxd8+ Rxd8 34.
Nxb5 Rd2 35. Nc7 Kf8 36. Kf3 Rxb2 37. Ke4 a3 38. Bxe5 a2 39. Bd6+ Kg8 40. Ra1
Rb1 0-1